HIstory of english literature (Record no. 4201)

MARC details
000 -LEADER
fixed length control field 00509cam a2200193ua 4500
001 - CONTROL NUMBER
control field 5021
005 - DATE AND TIME OF LATEST TRANSACTION
control field 20260515113826.0
008 - FIXED-LENGTH DATA ELEMENTS--GENERAL INFORMATION
fixed length control field 120229n nyu |||gr||||Z||||||eng
020 ## - INTERNATIONAL STANDARD BOOK NUMBER
International Standard Book Number 1-403-90561-4
040 ## - CATALOGING SOURCE
Transcribing agency MAIN
082 ## - DEWEY DECIMAL CLASSIFICATION NUMBER
Classification number 820
100 ## - MAIN ENTRY--PERSONAL NAME
Personal name Alexander, Michael,
Relator term Author,
245 11 - TITLE STATEMENT
Title HIstory of english literature
Statement of responsibility, etc. by Michael Alexander
250 ## - EDITION STATEMENT
Edition statement 1st.
260 ## - PUBLICATION, DISTRIBUTION, ETC.
Place of publication, distribution, etc. Hampshire:
Name of publisher, distributor, etc. Palgrave foundation,
Date of publication, distribution, etc. 2004.
300 ## - PHYSICAL DESCRIPTION
Extent 387p:
Dimensions 25cm.
653 ## - INDEX TERM--UNCONTROLLED
Uncontrolled term English.& Old English literatures
942 ## - ADDED ENTRY ELEMENTS (KOHA)
Koha item type Books
Holdings
Withdrawn status Lost status Damaged status Not for loan Home library Current library Shelving location Date acquired Total checkouts Full call number Barcode Date last seen Copy number Price effective from Koha item type
        Naharkatiya College Library Naharkatiya College Library General stacks 09/19/2020   820 | ALE 15644 09/19/2020 1 09/19/2020 Books